000 00861cam a2200157 4500500
005 20260329012751.0
041 _afre
042 _adc
100 1 0 _aKramer, Pierre
_eauthor
245 0 0 _aLa loi Perben II et les évolutions de la justice pénale
260 _c2005.
500 _a12
520 _aRésuméDénoncée à l’avance par des organisations d’avocats et de magistrats comme trop sécuritaire, la loi Perben II, destinée à l’origine à lutter contre la criminalité organisée, modifie l’équilibre des pouvoirs entre les procureurs et les juges, en créant notamment la procédure du plaider-coupable. Est-il possible de tenter une première lecture de ce texte ?
786 0 _nÉtudes | 402 | 2 | 2005-02-01 | p. 175-183 | 0014-1941
856 4 1 _uhttps://shs.cairn.info/revue-etudes-2005-2-page-175?lang=fr&redirect-ssocas=7080
999 _c1874157
_d1874157